15 najbardziej dotkniętych krajów Covid-19 - 17 mar 2021 - Statystyki

Ogólne statystyki
  • Ten quiz został rozwiązany 58 razy
  • Średni wynik to 12 z 28
Statystyki odpowiedzi
kraj % Poprawnych
Polska
94%
Stany Zjednoczone
83%
Rosja
81%
Francja
79%
Niemcy
79%
Hiszpania
67%
Włochy
67%
Brazylia
60%
Argentyna
58%
Wielka Brytania
58%
Indie
56%
Portugalia
52%
Meksyk
48%
Czechy
44%
Turcja
38%
Szwecja
35%
Belgia
33%
Litwa
29%
Estonia
27%
Holandia
27%
Iran
27%
Kolumbia
27%
Słowenia
21%
Szwajcaria
19%
Izrael
15%
Gruzja
4%
Bahrajn
2%
Panama
2%
Nie znaleziono quizów pasujących do podanych kryteriów
Rozkład punktacji
Procent ludzi z każdym wynikiem
Percentyl według liczby udzielonych odpowiedzi
Twoja historia wyników
Nie rozwiązałeś tego quizu